000
00400nam a22001697a 4500
003
MPLRDC
005
20220104142507.0
008
210129b ||||| |||| 00| 0 eng d
082
_a
830.55 SXL
100
_a
苏雪林
245
_a
辽金元文学
_c
250
_a
重印
260
_a
_b
商务印书馆
_c
1964
300
_b
平
650
_a
中国古代文学总集
942
_c
BK
_o
830.55 SXL
999
_c
31338
_d
31328